000 01109nam a2200313 i 4500
003 EG-GICUC
005 20260422090530.0
008 260415s1953 ua a|||fr|||| 00| 0 ara d
040 _a EG-GICUC
_bara
_c EG-GICUC
_d EG-GICUC
_erda
041 _aara
082 0 4 _221
_a341
_bا ح . ب
092 0 4 _221
099 _aLaw1 11 341 ا ح . ب 1953
100 0 _aاحمد عبدالقادر الجمال
_eمؤلف.
245 _aبحوث ودراسات في القانون الدولي العام /
_c احمد عبدالقادر الجمال.
264 _aالقاهرة:
_bمكبة النهضة المصرية,
_c1953.
300 _a111 ؛ صفحة
_c24 سم
336 _2rda content
_atext
337 _2rda media
_aComputer
338 _2rda carrier
_aOnline Resource
504 _a. 111-110 ببليوجرافيا: صفحات.
546 _aالنص باللغة العربية
650 1 _aدولي عام
_2qrmak
650 1 _aبحوث ودراسات
_2qrmak
651 1 _2qrmak
856 4 0 _uhttps://fll.law.cu.edu.eg/fulltext/bks/B11-10059.pdf
905 _a72
942 _2ddc
_n0
_cBK
_e21
999 _c71011
_d71011